| 000 | 00414nam a22001697a 4500 | ||
|---|---|---|---|
| 005 | 20250417095116.0 | ||
| 008 | 250405b |||||||| |||| 00| 0 eng d | ||
| 020 | _a9789358006018 | ||
| 041 | _aeng | ||
| 082 | _a920 PAR | ||
| 100 | _aParton, James | ||
| 245 | _aCaptains of Industry | ||
| 260 |
_aDelhi _bLector house _c2021 |
||
| 300 | _a192 ; pages 23 cm | ||
| 650 | _aIndustrialists-Biography | ||
| 942 | _cBK | ||
| 999 |
_c43590 _d43590 |
||